Statistieken voor India Trivia Quiz

Klik hier om de quiz te nemen!

Algemene statistieken

  • Deze quiz is 598 keer genomen
  • De gemiddelde score is 14 van 30

Antwoordstatistieken

HintAntwoord% Correct
Meest voorkomende religiesHindoeïsme
87%
Meest voorkomende religiesIslam
85%
Bijnaam voor de Indiase film industrieBollywood
84%
Meest heilige dier in religie #1Koe
83%
Grootste stedenDelhi
78%
Meest voorkomende religiesChristendom
74%
Meest populaire sportCricket
74%
Grootste stedenMumbai
73%
Meest voorkomende moedertalenHindi
66%
Hoogste gebergteHimalaya
64%
Langste rivierenGanges
57%
Beroemdste bezienswaardigheid (in Agra)Taj Mahal
57%
Grootste stedenKolkata
51%
Leider van de Indiase onafhankelijkheid van Groot-BrittanniëMohandas Gandhi
48%
ValutaRoepie
43%
Getal "uitgevonden" in IndiaNul
41%
Nationaal dierBengaalse Tijger
32%
Titel gegeven aan de persoon hierboven, die "Goede Ziel"betekentMahatma
30%
Langste rivierenIndus
29%
Gebied dat door India en Pakistan wordt geëistKasjmir
28%
Meest voorkomende moedertalenTamil
27%
Goden in de "Grote Drie-eenheid" in religie #1Brahma
26%
Toga-achtig kledingstuk gedragen door vrouwenSari
26%
Meest voorkomende religiesSikh
26%
Meest voorkomende moedertalenBengaals
25%
Goden in de "Grote Drie-eenheid" in religie #1Shiva
25%
Goden in de "Grote Drie-eenheid" in religie #1Vishnoe
18%
Meest voorkomende moedertalenMarathi
15%
Meest voorkomende moedertalenTelugu
14%
Hoogste kaste in religie #1Brahmaan
12%

Scoreverdeling

Percentiel versus Aantal Correcte Antwoorden

Procent van Mensen met Elke Score

Uw Scoregeschiedenis

U heeft deze quiz nog niet genomen